| 000 | 00476pab a2200169 454500 | ||
|---|---|---|---|
| 008 | 180718b2004 xxu||||| |||| 00| 0 eng d | ||
| 100 | _aManikandan, K. | ||
| 245 | _aIndia and Canada in the post cold war era: divergent, yet converging relations | ||
| 260 | _c2004 | ||
| 300 | _ap.9-12. | ||
| 362 | _aJun | ||
| 650 | _aIndia - Foreign relations - Canada | ||
| 650 | _aInternational relations | ||
| 700 | _aPurusholthaman, D. | ||
| 773 | _aThird Concept | ||
| 909 | _a61027 | ||
| 999 |
_c61027 _d61027 |
||